Facts and figures of Japan

Bewaard in:
Bibliografische gegevens
Formaat: Boek
Taal:Undetermined
Gepubliceerd in: Japan Foreign Press Center 1982
Onderwerpen:
Tags: Voeg label toe
Geen labels, Wees de eerste die dit record labelt!
Thư viện lưu trữ: Trung tâm Học liệu Trường Đại học Cần Thơ
LEADER 00423nam a2200169Ia 4500
001 CTU_105448
008 210402s9999 xx 000 0 und d
082 |a 315.2 
082 |b F142 
245 0 |a Facts and figures of Japan 
260 |a Japan 
260 |b Foreign Press Center 
260 |c 1982 
650 |a Japan 
650 |x Statistics 
904 |i M.Loan 
980 |a Trung tâm Học liệu Trường Đại học Cần Thơ